Private investment in the Palestinian territory : recent trends and immediate prospects.
| Format: | Book |
|---|---|
| Published: |
Geneva:
United Nations,
1996.
|
| Subjects: |
| LEADER | 00486cam a2200157 7i4500 | ||
|---|---|---|---|
| 001 | 0000005440 | ||
| 005 | 19991025090000.0 | ||
| 002 | ##000007073 | ||
| 020 | 0 | 0 | |a T000005556 |
| 090 | 0 | 0 | |a PALE 332.6 |b PRI |
| 245 | 0 | 0 | |a Private investment in the Palestinian territory : recent trends and immediate prospects. |
| 260 | 0 | 0 | |a Geneva: |b United Nations, |c 1996. |
| 300 | 0 | 0 | |a 83 p.. |
| 650 | 0 | 0 | |a Investments -- |z Palestine |
| 651 | 0 | 0 | |a Palestine |
| 999 | |a 0000008389 |b Book |c Open shelf |e Business Information Centre | ||